000
00321nam a2200133Ia 4500
008
231129s1971||||xx |||||||||||||| ||spa||
040
_b
spa
082
_a
(i) 784.49861 R436c
100
_a
Restrepo Antonio Jose comp
245
0
_a
El cancionero de Antioquia
260
_c
1971
264
_a
Bedout
942
_2
ddc
_c
BKS
999
_c
10469
_d
10469